Correspondencia donde se trata los testimonios de Alonso Ramirez de Prado Chantre de la Iglesia de México y don Juan Albano Bernal de la de Puebla, donde se pide no se aplique las medidas sobre la canonjías suprimidas

Detalles Bibliográficos
Otros Autores: Alfonso Ramírez de Prado, Juan Albano Barral
Formato: Libro
Publicado: Madrid, 1692
Materias:
Colección:Banco de datos
Acervo:Biblioteca Palafoxiana. Colección de Manuscritos
Descripción Física:5 f. ; 31 x 21 cm.
Tema general:Eclesiástica
LEADER 00604nam a22001570004500
035 |a 1609 
245 1 0 |a Correspondencia donde se trata los testimonios de Alonso Ramirez de Prado Chantre de la Iglesia de México y don Juan Albano Bernal de la de Puebla, donde se pide no se aplique las medidas sobre la canonjías suprimidas 
260 |a Madrid, 1692 
300 |a 5 f. ; 31 x 21 cm. 
650 1 0 |a Eclesiástica 
700 1 |a Alfonso Ramírez de Prado 
700 1 |a Juan Albano Barral 
949 |a 32282/030 
942 |c PALAMANU 
943 |g Biblioteca Palafoxiana. Colección de Manuscritos 
999 |c 1069554  |d 1069554